[Event "Rio de Janeiro op 3rd"]
[Site "Rio de Janeiro"]
[Date "2024.04.23"]
[Round "2"]
[White "Vieira, Victor Cardoso Thie"]
[Black "Goetten Wagner, Julia"]
[Result "1-0"]
[WhiteElo "1774"]
[BlackElo "1783"]
[PlyCount "115"]
[EventDate "2024.04.22"]
[EventType "swiss"]
[EventRounds "9"]
[EventCountry "BRA"]
[SourceTitle "CB18_2024"]
[SourceDate "2024.05.01"]
[SourceVersion "1"]
[SourceVersionDate "2024.05.01"]
[SourceQuality "2"]

1. e4 c5 2. d4 cxd4 3. c3 Nf6 4. e5 Nd5 5. Bc4 e6 6. Nf3 Be7 7. Nxd4 d6 8. exd6 Bxd6 9. Qg4 0-0 10. Nb5 e5 11. Qd1 Nf4 12. Bxf4 exf4 13. Qxd6 Re8+ 14. Kf1 Qg5 15. h4 Qg4 16. f3 Qg3 17. Nd2 Nc6 18. Ne4 Rxe4 19. fxe4 Bg4 20. Qd3 f3 21. Rg1 Rd8 22. Nd4 Ne5 23. Nf5 fxg2+ 24. Rxg2 Qf4+ 25. Rf2 Qxf2+ 26. Kxf2 Nxd3+ 27. Bxd3 Rxd3 28. Ne3 Rd2+ 29. Kg3 Be6 30. Rd1 Rxd1 31. Nxd1 Bxa2 32. Kf4 f6 33. e5 Kf7 34. Ne3 Ke6 35. exf6 gxf6 36. Nf5 Bb1 37. Nd4+ Kd5 38. Nf3 h5 39. Nd2 Bd3 40. Ke3 Bc2 41. Nf3 b5 42. Nd4 Bb1 43. Nxb5 a5 44. Nd4 a4 45. Nf3 Bg6 46. Nd2 Bh7 47. Kf4 Bc2 48. Ke3 Bg6 49. Nf1 Kc4 50. Nd2+ Kd5 51. Nf1 Kc4 52. Kd2 Kb3 53. Kc1 Kc4 54. Ne3+ Kd3 55. Nd5 f5 56. Nf4+ Ke3 57. Nxg6 f4 58. Kd1 1-0

[Event "Pelotas Gaucho op"]
[Site "Pelotas"]
[Date "2023.10.12"]
[Round "1"]
[White "Goetten Wagner, Julia"]
[Black "Pires, Luiz Eduardo Dias"]
[Result "1-0"]
[WhiteElo "1638"]
[BlackElo "1768"]
[PlyCount "109"]
[EventDate "2023.10.12"]
[EventType "swiss"]
[EventRounds "7"]
[EventCountry "BRA"]
[SourceTitle "Mega2024 Update 01"]
[Source "Chessbase"]
[SourceDate "2023.11.12"]
[SourceVersion "1"]
[SourceVersionDate "2023.11.12"]
[SourceQuality "1"]

1. e4 c5 2. Nf3 d6 3. d4 cxd4 4. Nxd4 e5 5. Nb5 a6 6. N5c3 Nf6 7. Bc4 h6 8. 0-0 Be7 9. Be3 Bg4 10. f3 Bh5 11. Qe1 g5 12. Nd5 Nbd7 13. Nbc3 b5 14. Bb3 Nc5 15. Nxf6+ Bxf6 16. Nd5 a5 17. Qe2 Rb8 18. Nxf6+ Qxf6 19. Bd5 Kf8 20. Rad1 Bg6 21. Bc6 b4 22. Qf2 Rc8 23. Rxd6 Ne6 24. Bd7 Rc7 25. Bxe6 fxe6 26. Rfd1 Kg7 27. Bb6 Rf7 28. Bxa5 Bxe4 29. Qb6 Bf5 30. Bxb4 Rc8 31. Bc3 h5 32. Re1 Rxc3 33. bxc3 Re7 34. Qe3 Rb7 35. Qxe5 Qxe5 36. Rxe5 Kf7 37. Ra6 Rb2 38. Re2 g4 39. a4 h4 40. Kf2 Kf6 41. Ra8 Ra2 42. a5 gxf3 43. gxf3 Bg6 44. a6 Bf7 45. Kg2 e5 46. Rd2 Bc4 47. a7 Kf7 48. Rd7+ Ke6 49. Rh7 Bd5 50. Re8+ Kf6 51. Rd8 Rxc2+ 52. Kh3 Be6+ 53. Kxh4 Rxh2+ 54. Kg3 Rxh7 55. a8Q 1-0

[Event "Niteroi op 3rd"]
[Site "Niteroi"]
[Date "2023.09.08"]
[Round "7"]
[White "Goetten Wagner, Julia"]
[Black "Bezerra, Natacio Goncalves"]
[Result "0-1"]
[WhiteElo "1646"]
[BlackElo "1991"]
[PlyCount "60"]
[EventDate "2023.09.04"]
[EventType "swiss"]
[EventRounds "9"]
[EventCountry "BRA"]
[SourceTitle "EXT 2024"]
[Source "ChessBase"]
[SourceDate "2023.10.10"]
[SourceVersion "1"]
[SourceVersionDate "2023.10.10"]
[SourceQuality "1"]

1. e4 c6 2. d4 d5 3. f3 dxe4 4. fxe4 e5 5. Nf3 Bg4 6. c3 Nd7 7. Bd3 Ngf6 8. 0-0 Bd6 9. Na3 0-0 10. Nc4 Bc7 11. Ne3 Bh5 12. Nf5 Bg4 13. Ne3 Bxf3 14. Qxf3 Nc5 15. Bc2 exd4 16. cxd4 Qxd4 17. Rd1 Qe5 18. g3 Ncxe4 19. Kg2 Ng5 20. Qf1 Nfe4 21. Nc4 Qe6 22. Bxg5 Nxg5 23. Bf5 Qf6 24. Rd7 Bb6 25. Rd6 Ne6 26. Qd3 g6 27. Nxb6 Qxb2+ 28. Kh3 axb6 29. Rb1 Qe5 30. Bg4 Ng5+ 0-1

[Event "Porto Alegre op"]
[Site "Porto Alegre"]
[Date "2023.08.26"]
[Round "2"]
[White "Fonseca, Luis Ernesto Serra"]
[Black "Goetten Wagner, Julia"]
[Result "1-0"]
[WhiteElo "1981"]
[BlackElo "1645"]
[PlyCount "53"]
[EventDate "2023.08.25"]
[EventType "swiss"]
[EventRounds "5"]
[EventCountry "BRA"]
[SourceTitle "EXT 2024"]
[Source "ChessBase"]
[SourceDate "2023.10.10"]
[SourceVersion "1"]
[SourceVersionDate "2023.10.10"]
[SourceQuality "1"]

1. e4 c5 2. Nf3 e6 3. d4 cxd4 4. Nxd4 Nf6 5. Nc3 d6 6. g4 h6 7. h4 Nc6 8. Rg1 h5 9. g5 Ng4 10. Be2 d5 11. f3 Bc5 12. Bb5 0-0 13. Bxc6 bxc6 14. fxg4 e5 15. Nxc6 Qc7 16. Nxd5 Qxc6 17. gxh5 Qe6 18. Rg3 Bb7 19. Be3 Rfd8 20. Bxc5 Bxd5 21. Rd3 Re8 22. exd5 Qf5 23. Qf3 Qc8 24. Rc3 Qa6 25. Ba3 e4 26. Qe2 Qa5 27. 0-0-0 1-0

[Event "Montevideo Duchamp Cup 6th"]
[Site "Montevideo"]
[Date "2023.02.06"]
[Round "4"]
[White "Rodriguez Rearden, Jorge"]
[Black "Goetten Wagner, Julia"]
[Result "0-1"]
[WhiteElo "1083"]
[BlackElo "1655"]
[PlyCount "78"]
[EventDate "2023.02.03"]
[EventType "swiss"]
[EventRounds "9"]
[EventCountry "URU"]
[SourceTitle "CBM 212 Extra"]
[Source "ChessBase"]
[SourceDate "2023.03.31"]
[SourceVersion "1"]
[SourceVersionDate "2023.03.31"]
[SourceQuality "1"]

1. e4 c5 2. Nc3 e6 3. f4 Nc6 4. Nf3 a6 5. a4 d6 6. Bc4 Nf6 7. Bb3 Be7 8. d3 Rb8 9. 0-0 0-0 10. Ne2 b5 11. axb5 axb5 12. Qe1 Nd7 13. Qg3 Nb6 14. Ng5 h6 15. Nf3 c4 16. Ba2 Nb4 17. f5 Kh7 18. Nf4 exf5 19. Nh5 g6 20. Nf4 Nxc2 21. exf5 Bxf5 22. Rb1 Ra8 23. Rf2 Nb4 24. Ra1 Rxa2 25. Rxa2 Nxa2 26. Bd2 d5 27. Nd4 Bh4 28. Qf3 Bxf2+ 29. Qxf2 Bxd3 30. Nxd3 cxd3 31. Qe3 Qh4 32. Qxd3 Nc4 33. Nxb5 Nxd2 34. Qxd2 Re8 35. g3 Qb4 36. Qxd5 Qe1+ 37. Kg2 Re2+ 38. Kh3 Qf1+ 39. Kh4 Rxh2+ 0-1

[Event "Florianopolis op 9th"]
[Site "Florianopolis"]
[Date "2023.01.29"]
[Round "10"]
[White "Goetten Wagner, Julia"]
[Black "Dubrovich, Igor"]
[Result "0-1"]
[WhiteElo "1631"]
[BlackElo "1962"]
[PlyCount "80"]
[EventDate "2023.01.23"]
[EventType "swiss"]
[EventRounds "10"]
[EventCountry "BRA"]
[SourceTitle "CBM 212 Extra"]
[Source "ChessBase"]
[SourceDate "2023.03.31"]
[SourceVersion "1"]
[SourceVersionDate "2023.03.31"]
[SourceQuality "1"]

1. e4 c5 2. Nf3 d6 3. d4 cxd4 4. Nxd4 Nf6 5. Nc3 a6 6. f3 e5 7. Nb3 Be6 8. Be3 h5 9. Nd5 Bxd5 10. exd5 Nbd7 11. Qd2 g6 12. Be2 b6 13. 0-0 Bg7 14. c4 0-0 15. Rac1 a5 16. Qe1 e4 17. Nd4 exf3 18. Bxf3 Ng4 19. Nc6 Qc7 20. Ne7+ Kh7 21. Bxg4 Ne5 22. Nxg6 fxg6 23. Be6 Nd3 24. Qh4 Nxc1 25. Rxc1 Bh6 26. Bxh6 Qc5+ 27. Kh1 Kxh6 28. Qe7 Qxc4 29. Rg1 Rf1 30. h4 Rxg1+ 31. Kxg1 Qc1+ 32. Kh2 Qf4+ 33. g3 Qf2+ 34. Kh3 Qf1+ 35. Kh2 Rf8 36. Qg5+ Kh7 37. Bg8+ Rxg8 38. Qe7+ Rg7 39. Qe4 Rf7 40. g4 Rf2+ 0-1

[Event "Florianopolis op 8th"]
[Site "Florianopolis"]
[Date "2022.01.25"]
[Round "3"]
[White "Goetten Wagner, Julia"]
[Black "Bonvini, Alberto Tonhati"]
[Result "0-1"]
[WhiteElo "1638"]
[BlackElo "1941"]
[PlyCount "62"]
[EventDate "2022.01.24"]
[EventType "swiss"]
[EventRounds "10"]
[EventCountry "BRA"]
[SourceTitle "CBM 206 Extra"]
[Source "ChessBase"]
[SourceDate "2022.03.31"]
[SourceVersion "1"]
[SourceVersionDate "2022.03.31"]
[SourceQuality "1"]

1. e4 e5 2. Nf3 Nc6 3. Bb5 a6 4. Ba4 Nf6 5. 0-0 d6 6. Re1 b5 7. Bb3 Be7 8. a4 Bb7 9. d3 Na5 10. Ba2 c5 11. Nc3 Qd7 12. Bg5 0-0 13. Ne2 Kh8 14. Ng3 Ng8 15. Bd2 Nc6 16. Nf5 Bf6 17. Ng5 Bxg5 18. Bxg5 f6 19. Bd2 Nge7 20. Ng3 f5 21. exf5 Nxf5 22. Ne4 Rad8 23. Qh5 Ncd4 24. Ng5 g6 25. Qd1 Nh4 26. Ne4 Nhf3+ 27. Kh1 Nxe1 28. Bxe1 Bxe4 29. dxe4 c4 30. Bb4 Rxf2 31. c3 Nc2 0-1

[Event "BRA-ch 87th"]
[Site "Cuiaba"]
[Date "2021.10.28"]
[Round "1"]
[White "Goetten Wagner, Julia"]
[Black "Mariano, Marceley Martins"]
[Result "0-1"]
[WhiteElo "1606"]
[BlackElo "2095"]
[PlyCount "66"]
[EventDate "2021.10.28"]
[EventType "swiss"]
[EventRounds "11"]
[EventCountry "BRA"]
[SourceTitle "CBM 205 Extra"]
[Source "ChessBase"]
[SourceDate "2022.01.31"]
[SourceVersion "1"]
[SourceVersionDate "2022.01.31"]
[SourceQuality "1"]

1. e4 c5 2. Nf3 d6 3. d4 cxd4 4. Nxd4 Nf6 5. Nc3 e6 6. Be3 a6 7. f3 Qc7 8. Qd2 Be7 9. 0-0-0 Nc6 10. g4 Ne5 11. g5 Nfd7 12. f4 Nc4 13. Bxc4 Qxc4 14. f5 Ne5 15. h4 b5 16. b3 Qb4 17. Nb1 Qxd2+ 18. Nxd2 Bd7 19. Rhf1 Rc8 20. Kb2 a5 21. N2f3 Ng4 22. Bg1 e5 23. Ne2 b4 24. Rd2 h6 25. Ng3 hxg5 26. hxg5 Rh3 27. Rg2 Rc3 28. Nh5 Rxh5 29. Rxg4 g6 30. Rh4 Rxf3 31. Rxh5 Rxf1 32. Rh8+ Bf8 33. Bb6 gxf5 0-1

[Event "Timbo op"]
[Site "Timbo"]
[Date "2021.02.19"]
[Round "1"]
[White "Goetten Wagner, Julia"]
[Black "Delgado Ramirez, Neuris"]
[Result "0-1"]
[WhiteElo "1601"]
[BlackElo "2615"]
[PlyCount "74"]
[EventDate "2021.02.19"]
[EventType "swiss"]
[EventRounds "6"]
[EventCountry "BRA"]
[SourceTitle "EXT 2022"]
[Source "ChessBase"]
[SourceDate "2021.10.06"]
[SourceVersion "1"]
[SourceVersionDate "2021.10.06"]
[SourceQuality "1"]

1. e4 c5 2. Nf3 Nc6 3. d4 cxd4 4. Nxd4 Nf6 5. Nc3 d6 6. f3 e5 7. Nb3 Be7 8. Be3 Be6 9. Qd2 0-0 10. 0-0-0 a5 11. Nd5 Bxd5 12. exd5 Nb4 13. c4 b5 14. Kb1 bxc4 15. Bxc4 Qd7 16. g4 Rfc8 17. Qe2 a4 18. Nd2 a3 19. b3 Nbxd5 20. Rc1 Nb4 21. Ne4 d5 22. Rhd1 Qb7 23. Nxf6+ Bxf6 24. Bd3 h6 25. Qd2 Rab8 26. Bc2 e4 27. fxe4 Bb2 28. h4 Bxc1 29. Rxc1 Nxc2 30. Rxc2 dxe4 31. Rc4 Rd8 32. Qc2 Rbc8 33. h5 Rxc4 34. Qxc4 Qd7 35. Qe2 Qd1+ 36. Qxd1 Rxd1+ 37. Kc2 Ra1 0-1

[Event "Florianopolis op 7th"]
[Site "Florianopolis"]
[Date "2021.01.21"]
[Round "5"]
[White "Goetten Wagner, Julia"]
[Black "Baldim, Daniel"]
[Result "0-1"]
[WhiteElo "1625"]
[BlackElo "2008"]
[PlyCount "82"]
[EventDate "2021.01.18"]
[EventType "swiss"]
[EventRounds "10"]
[EventCountry "BRA"]
[SourceTitle "CBM 200 Extra"]
[Source "ChessBase"]
[SourceDate "2021.03.31"]
[SourceVersion "1"]
[SourceVersionDate "2021.03.31"]
[SourceQuality "1"]

1. e4 c5 2. Nf3 Nc6 3. d4 cxd4 4. Nxd4 d6 5. Nc3 a6 6. Be3 Nf6 7. f3 g6 8. Qd2 Bg7 9. 0-0-0 0-0 10. h4 Bd7 11. Kb1 Rc8 12. h5 Nxd4 13. Bxd4 Be6 14. hxg6 fxg6 15. e5 dxe5 16. Bxe5 Qa5 17. Qe1 Rxc3 18. Bxc3 Qxa2+ 19. Kc1 h5 20. Kd2 Bh6+ 21. Ke2 Qc4+ 22. Rd3 Bf5 23. Kd1 Nd5 24. b3 Qc8 25. Qe5 Bxd3 26. Qh8+ Kf7 27. Qh7+ Ke8 28. Bxd3 Nxc3+ 29. Ke1 Qe6+ 30. Kf1 Bd2 31. Qxg6+ Qxg6 32. Bxg6+ Kd8 33. Rxh5 Bf4 34. Rc5 Nb5 35. Be4 Nd6 36. Rd5 e6 37. Rd1 Ke7 38. Bd3 Be3 39. c4 Nf5 40. Rb1 Nd4 41. Be4 Rh8 0-1